000 00882nam a2200193 i 4500
001 189023
003 ES-MaACL
005 20250630001413.0
008 190321s1986 sp g |||| | spa d
100 1 _aGarcía Galán, Alejandro.
_954633
245 1 0 _aCostumbres de un pasado próximo que ya son historia
_b: las fiestas de San Antón y San Sebastián en Peñalsordo-Capilla /
_cAlejandro García Galán.
260 _aBadajoz :
_bDiputación Provincial, Departamento de Publicaciones,
_c1986.
300 _aP. [605]-616 :
_bmúsica ;
_c25 cm.
595 _aSeparata de: Revista de estudios extremeños, t. XLII, n. 3, septiembre-diciembre 1986.
650 4 _aFiestas-
_zBadajoz (Provincia)
_9166636
710 1 _aBadajoz (Provincia).
_bDiputación Provincial
_92081
852 _aES-MaACL
_j1722-F-17
_z. - Dedicatoria autógrafa del autor
999 _c189023
_d189023